50 films à remplir - 2009 - Statistiques

Statistiques générales
  • Ce quiz a été pris 214 fois
  • Le résultat moyen est 38 sur 50
Statistiques - réponses
Hint Réponse % Correct
Very ... Trip Bad
96%
... Luke Lucky
96%
Sherlock ... Holmes
95%
Le Garçon au ... rayé Pyjama
95%
Là-... Haut
93%
... sa mère ! Neuilly
93%
Harry Potter et le ... de sang-mêlé Prince
93%
La ... et le Grenouille Princesse
93%
Que ... soit faite Justice
92%
Tempête de ... géantes Boulettes
91%
... et Démons Anges
89%
Star ... Trek
89%
Ma ... pour la tienne Vie
88%
... Activity Paranormal
87%
Monstres contre ... Aliens
85%
... avant Chanel Coco
85%
Transformers 2 : La ... Revanche
85%
Bienvenue à ... Zombieland
83%
... Basterds Inglourious
82%
L'Âge de glace 3 : Le ... des dinosaures Temps
82%
Arthur et la Vengeance de ... Maltazard
81%
Twilight - Chapitre II : ... Tentation
81%
... (en 2154 sur la lune Pandora) Avatar
80%
La Première ... Étoile
80%
... (la fin du monde d'après les mayas) 2012
79%
OSS 117 : ... ne répond plus Rio
78%
... Route La
77%
Good Morning ... England
76%
... et les Maximonstres Max
75%
Un ... Prophète
73%
Banlieue ... : Ultimatum 13
72%
Le Petit ... Nicolas
72%
... ans encore 17
71%
Jeux de ... Pouvoir
71%
X-Men Origins: ... Wolverine
70%
G.I. Joe : Le Réveil du ... Cobra
68%
In the ... Air
66%
(...) jours ensemble 500
64%
Le Drôle de Noël de ... Scrooge
64%
The ... Side Blind
63%
... Enemies Public
63%
De l'autre côté du ... Lit
62%
Fantastic Mr. ... Fox
61%
District ... 9
60%
Micmacs à ... Tire-larigot
60%
... 9 Numéro
56%
... : Les Gardiens Watchmen
54%
L'Imaginarium du Docteur ... Parnassus
51%
... Renaissance Terminator
50%
A ... Man Serious
49%
Aucun quiz correspondant
Distribution des résultats
% des personnes avec chaque résultat
Percentile par nombre de réponses
Votre historique - résultats
Vous n’avez pas pris ce quiz